000 01046nam a2200277 i 4500
001 45039
003 ES-MaACL
005 20230906161137.0
007 t|
008 030325s1969 sp ||||1| spa d
100 1 _aClavel, Bernard.
_939112
245 1 3 _aLa gran paciencia /
_cBernard Clavel.
250 _a1ª ed.
260 _aBarcelona, etc. :
_bPlaza y Janés,
_c1969.
300 _a4 v. ;
_c20 cm.
505 8 _aContiene: T. I: La casa ajena / [traducción de Domingo Pruna]. -- T. II: El mar distante / [traducción de J. Ferrer Aleu]. -- T. III: El corazón de los vivos / [traducción de Alfredo Crespo]. -- T. IV: Los frutos del invierno / [traducción de Rosalía Vázquez]
700 1 _aPruna, Domingo.
_994081
700 1 _aFerrer Aleu, J.
_950442
700 1 _aCrespo, Alfredo.
_941511
700 1 _aVázquez Tomás, Rosalia.
_9146004
740 3 _aLa casa ajena.
740 3 _aEl mar distante.
740 3 _aEl corazón de los vivos.
740 4 _aLos frutos del invierno.
852 _aES-MaACL
_jC-36011-14
_bR.69244
999 _c45039
_d45039